000
00286nam a22001097a 4500
082
_a
621.381542 IVE'P
100
_a
IVE, G. A. G
_9
57970
245
_a
PHOTO ELECTRIC HANDBOOK WITH NOTES ON INSTALLATION AND MAINTENANCE
260
_a
LONDON
_b
GEORGE
_c
1955
300
_a
152P
942
_c
BK
999
_c
568205
_d
568205